Life counts <eine> globale Bilanz des Lebens

Na minha lista:
Detalhes bibliográficos
Autor principal: Gleich, Michael
Formato: Livro
Idioma:alemão
Publicado em: Berlin Berlin Verlag 2000
Assuntos:
Tags: Adicionar Tag
Sem tags, seja o primeiro a adicionar uma tag!

MARC

LEADER 00000nam a2200000 4500
001 c143081
005 20221123133014.1
020 |a 3-8270-0350-4 
041 0 |a ger 
044 |a DE 
245 1 0 |a Life counts  |b <eine> globale Bilanz des Lebens  |c Michael Gleich ... [et al.] 
264 1 |a Berlin  |b Berlin Verlag  |c 2000 
300 |a 287 s. 
610 2 0 |a prostredie prírodné 
610 2 0 |a prostredie životné 
610 2 0 |a ekológia 
610 2 0 |a príroda 
610 2 0 |a vlastiveda 
610 2 0 |a údaje štatistické 
610 2 0 |a poľnohospodárstvo 
610 2 0 |a poľovníctvo 
610 2 0 |a demografia 
610 2 0 |a štatistika demografická 
610 2 0 |a porovnanie medzinárodné 
100 1 |a Gleich, Michael